UBT Library

The ideological origins of the American Revolution. (Record no. 38923)

000 -LEADER
fixed length control field 00512cam a22002051 4500
001 - CONTROL NUMBER
control field 4535448
005 - DATE AND TIME OF LATEST TRANSACTION
control field 20171214044543.0
008 - FIXED-LENGTH DATA ELEMENTS--GENERAL INFORMATION
fixed length control field 710924s1967 mau 000 0 eng
010 ## - LIBRARY OF CONGRESS CONTROL NUMBER
LC control number 67013252
040 ## - CATALOGING SOURCE
Original cataloging agency DLC
Transcribing agency DLC
Modifying agency DLC
041 ## - LANGUAGE CODE
Language code of text/sound track or separate title eng
043 ## - GEOGRAPHIC AREA CODE
Geographic area code n-us---
080 ## - UNIVERSAL DECIMAL CLASSIFICATION NUMBER
Universal Decimal Classification number 320.50973 BAI
082 00 - DEWEY DECIMAL CLASSIFICATION NUMBER
Classification number 320.50973 BAI
Edition number 20
100 1# - Rafti
Rafti 17
101 ## - Shkurtesa
Shkurtesa HIS
245 14 - TITLE STATEMENT
Title The ideological origins of the American Revolution.
906 ## - LOCAL DATA ELEMENT F, LDF (RLIN)
a 7
b cbc
c orignew
d u
e ocip
f 19
g y-gencatlg
942 ## - ADDED ENTRY ELEMENTS (KOHA)
Source of classification or shelving scheme
Item type Books
Holdings
Withdrawn status Lost status Source of classification or shelving scheme Damaged status Not for loan Collection code Permanent location Current location Shelving location Date acquired Total Checkouts Full call number Barcode Date last seen Price effective from Koha item type
          Koleksioni i përgjithshem UBT - Lipjan UBT - Lipjan Koleksioni i përgjithshem 12/14/2017   320.50973 BAI 002-29390 12/14/2017 12/14/2017 Books
UBT Library © 2015-2024. All rights reserved University Education for Business and Technology